1626 1202 1166 1335 1166 1202 1054 1060 1231 1912 1276 1416 1674 1894 1283 1592 1860 1800 1150 1606 1091 1345 1654 1210 1360 1819 1141 1198 1773 1857 1105 1965 1242 1991 1900 1709 1405 1135 1460 1943 1468 1456 1998 1425 1746 1826 1731 1816 1555 1365 1403 1445 1128 1866 1928 1408 1570 1005 1519 1337 1714 1116 1954 1417 1739 1964 1857 1951 1990 1573 1625 1313 1847 1763 1750 1631 1262 1909 1680 1724 1107 1561 1095 1948 1327 1002 1503 1147 1634 1714 1009 1848 1091 1487 1081 1190 1898 1151 1263 BCNSPRNW ULIB Ver.6.0+V

เปลี่ยนเป็นภาษาไทย

Change to English
 แสดงรายละเอียดบรรณานุกรม
  กลับหน้าหลัก

Brief Record : Get Marc (ISO 2709) : E-mail record : QR code < ปิดหน้าต่าง
LEADER : 00000nam 2200000uu 4500
001    13399128046
003     ULIB
008    220128s2563||||th 000 0 tha d
020    ^a9786164980211
050    ^a^bนว.^bต-ต
100    ^aติกาหลัง
245    ^aติณณภพที่รัก
250    ^aพิมพ์ครั้งที่ 1
260    ^aกรุงเทพฯ :^bแสนรัก,^c2563
300    ^a296 หน้า;^b21 ซม.
650    ^aนวนิยาย
945    ^p275^l0^i29191
999    ^aกัณชพร จุลอักษร
รายการนี้ยังไม่มีแท็ก
คุณยังไม่ได้ล็อกอิน คุณสามารถมีกิจกรรมร่วมกับเว็บไซต์ได้ แต่ต้องล็อกอินก่อน ::
  ล็อกอิน

รายการสื่อสารสนเทศ

ลำดับที่ ประเภท เลขเรียก/บาร์โค้ด สถานที่ สถานะ
1. วิทยาศาสตร์การแพทย์ และสุขภาพ
วิทยาศาสตร์การแพทย์ และสุขภาพ
นว. ต-ต ฉ.1 
  Barcode: 29191
ห้องสมุดวิทยาเขตนครสวรรค์
►นวนิยาย:l:Fiction
บนชั้น

รายการใกล้เคียง
    ชื่อเรื่อง [ติณณภพที่รัก]

    ผู้แต่ง [ติกาหลัง]

    หัวเรื่อง [นวนิยาย]

BibComment


ยังไม่เคยถูกคอมเมนท์

คอมเมนท์ทรัพยากรรายการนี้
  คอมเมนท์: ติณณภพที่รัก


 Copyright 2026. Bcnsprnw @Library